banner-ar

FROM DICKEN TO HARDY : (Record no. 4891)

MARC details
000 -الفاتح
حقل البيانات ثابتة الطول 00485nam a2200169Ia 4500
008 - عناصر البيانات ثابتة الطول - معلومات عامة
حقل البيانات ثابتة الطول 140319s9999 xx 000 0 eng d
040 ## - مصدر الفهرسة
وكالة الفهرسة الأصلية GCL /
وكالة النسخ GCL
082 04 - رقم تصنيف ديوى العشرى
رقم التصنيف 820
رقم المادة F F
100 1# - المدخل الرئيسى - إسم شخصى
الإسم الشخصى BORICH, GARY
245 10 - بيان العنوان
العنوان FROM DICKEN TO HARDY :
بقية العنوان THEPELICAN GUIDE TO ENGLISH LITERATURE /
بيان المسئوليه,etc BORICH, GARY
260 ## - PUBLICATION, DISTRIBUTION, ETC. (IMPRINT)
تاريخ النشر أو التوزيع 1973
300 ## - الوصف المادى
التعداد 517 P ؛
أبعاد الوعاء 18 cm.
650 04 - المدخل الاضافى بالموضوع-مصطلح موضوعى
مصطلح موضوعي ENGLISH LITERATURE
650 04 - المدخل الاضافى بالموضوع-مصطلح موضوعى
مصطلح موضوعي ENGLISH FICTION
942 ## - عناصر المدخل الإضافي( كوها)
مصدر التصنيف او مخطط الترفيف Dewey Decimal Classification
Koha [default] item type كتاب
260 ## - PUBLICATION, DISTRIBUTION, ETC. (IMPRINT)
-- انجلترا :
-- PENGUIM PRESS ،
Holdings
حالة التراجع حالة الفقد حالة تلف ليس للاعارة المكان المؤقت الموقع الحالى تاريخ الاكتساب اجمالي اﻻعارات رقم الطلب الباركود تاريخ اخر مشاهدة تاريخ تفعيل السعر نوع وعاء كوها
        مكتبة القاهرة الكبرى مكتبة القاهرة الكبرى 03/26/2014   820\ F F 10906 03/26/2014 03/26/2014 كتاب

Powered By

EGPV